000 00285nam a2200109Ia 4500
008 230907s9999||||xx |||||||||||||| ||und||
082 _a720.1
_bMOO
100 _aMoore, Steven A.,
_9115988
245 0 _aQuestioning architectural judgment :
300 _axiii, 280 pages :
942 _cBK
999 _c600663
_d600663